| 000 | 00362cam a2200133ua 4500 | ||
|---|---|---|---|
| 041 |
_aeng _h |
||
| 082 |
_a828.09 _bCHU/EN |
||
| 100 | _aCherchill, R,\.C . | ||
| 245 |
_aenglish literature of the eighteen century / _cCherchill. _hTextual Documents |
||
| 260 |
_a : _bUniversity National press , _c1961. |
||
| 300 | _a319 ; . | ||
| 504 | _a | ||
| 999 |
_c11559 _d11559 |
||